000 00323 a2200133 4500
001 86283
082 _a670.42 STE
090 _c40549
_d40549
100 _aSteen, William M ; Jyotirmoy Mazumder
245 _aLaser material processing, 4rth ed
250 _a4
260 _aUK
_bspringer
_c2010
300 _axvii, 558 p
942 _aNUST-CAE
_k670.42 STE
999 _c321356
_d321356